000 00325nam a22001337a 4500
008 170608b xxu||||| |||| 00| 0 eng d
020 _a9780791423738
041 _aeng
080 _a94(100)
100 _a18
101 _aSHH
245 _aTEACHING ABOUT INTERNATIONAL CONFLICT AND PEACE
_cMERRYFIELD,M.M
942 _2udc
_cBK
999 _c16356
_d16356